[Event "DEM U12 2025"]
[Site "Willingen GER"]
[Date "2025.06.08"]
[Round "2"]
[White "Rusch, Levi Adrian"]
[Black "Shalovylo, Matvii"]
[Result "0-1"]
[Termination "normal"]
[Board "27"]
[WhiteElo "1660"]
[BlackElo "1788"]
[WhiteClock "01:02:17"]
[BlackClock "00:57:06"]
[PlyCount "120"]
[WhiteFideId "34660224"]
[BlackFideId "41846516"]
[EventCountry "GER"]
[EventRounds "9"]
[EventType "swiss"]
[EventDate "2025.06.07"]

1. d4 {[%clk 01:30:58]} {[%emt 00:00:03]} Nf6 {[%clk 01:30:52]} {[%emt
00:00:08]} 2. Nc3 {[%clk 01:31:23]} {[%emt 00:00:04]} d5 {[%clk 01:31:16]}
{[%emt 00:00:06]} 3. Bf4 {[%clk 01:31:46]} {[%emt 00:00:06]} c6 {[%clk
01:31:31]} {[%emt 00:00:15]} 4. e3 {[%clk 01:32:11]} {[%emt 00:00:05]} Bf5
{[%clk 01:30:48]} {[%emt 00:01:14]} 5. Bd3 {[%clk 01:32:33]} {[%emt 00:00:07]}
Bg6 {[%clk 01:31:05]} {[%emt 00:00:13]} 6. Nf3 {[%clk 01:32:55]} {[%emt
00:00:09]} e6 {[%clk 01:31:26]} {[%emt 00:00:08]} 7. Ne5 {[%clk 01:33:10]}
{[%emt 00:00:14]} Bd6 {[%clk 01:31:07]} {[%emt 00:00:50]} 8. Nxg6 {[%clk
01:33:09]} {[%emt 00:00:31]} hxg6 {[%clk 01:31:30]} {[%emt 00:00:07]} 9. Bxd6
{[%emt 00:00:26]} Qxd6 {[%clk 01:31:51]} {[%emt 00:00:02]} 10. Qf3 {[%clk
01:31:02]} {[%emt 00:02:47]} Rxh2 {[%clk 01:29:16]} {[%emt 00:03:05]} 11. O-O-O
{[%clk 01:30:30]} {[%emt 00:01:03]} Rxh1 {[%clk 01:27:18]} {[%emt 00:02:28]}
12. Rxh1 {[%clk 01:30:49]} {[%emt 00:00:10]} Nbd7 {[%clk 01:27:23]} {[%emt
00:00:26]} 13. Qg3 {[%clk 01:22:40]} {[%emt 00:08:39]} Qxg3 {[%clk 01:27:04]}
{[%emt 00:00:49]} 14. fxg3 {[%clk 01:23:03]} {[%emt 00:00:07]} Ke7 {[%clk
01:26:53]} {[%emt 00:00:40]} 15. e4 {[%clk 01:22:46]} {[%emt 00:00:48]} dxe4
{[%clk 01:27:06]} {[%emt 00:00:17]} 16. Nxe4 {[%clk 01:22:58]} {[%emt
00:00:17]} Nxe4 {[%clk 01:26:53]} {[%emt 00:00:44]} 17. Bxe4 {[%clk 01:23:22]}
{[%emt 00:00:06]} Rd8 {[%clk 01:26:55]} {[%emt 00:00:28]} 18. c3 {[%clk
01:23:37]} {[%emt 00:00:14]} Rf8 {[%clk 01:26:05]} {[%emt 00:01:20]} 19. Bf3
{[%clk 01:23:04]} {[%emt 00:01:04]} Nf6 {[%clk 01:25:14]} {[%emt 00:01:22]} 20.
g4 {[%clk 01:23:03]} {[%emt 00:00:31]} g5 {[%clk 01:22:19]} {[%emt 00:03:24]}
21. Re1 {[%clk 01:22:20]} {[%emt 00:01:12]} Nd7 {[%clk 01:21:56]} {[%emt
00:00:54]} 22. Rh1 {[%clk 01:22:25]} {[%emt 00:00:24]} g6 {[%clk 01:22:18]}
{[%emt 00:00:09]} 23. b4 {[%clk 01:22:23]} {[%emt 00:00:31]} a6 {[%clk
01:21:36]} {[%emt 00:01:13]} 24. a4 {[%clk 01:22:33]} {[%emt 00:00:20]} Rc8
{[%clk 01:18:56]} {[%emt 00:03:10]} 25. a5 {[%clk 01:20:45]} {[%emt 00:02:18]}
Kf6 {[%clk 01:19:00]} {[%emt 00:00:25]} 26. Rf1 {[%clk 01:21:03]} {[%emt
00:00:12]} Kg7 {[%clk 01:19:13]} {[%emt 00:00:18]} 27. Kb2 {[%clk 01:21:07]}
{[%emt 00:00:25]} Nf6 {[%clk 01:18:01]} {[%emt 00:01:42]} 28. Re1 {[%clk
01:20:29]} {[%emt 00:01:08]} Rh8 {[%clk 01:16:28]} {[%emt 00:02:03]} 29. Re5
{[%clk 01:20:44]} {[%emt 00:00:16]} Nd7 {[%clk 01:15:31]} {[%emt 00:01:26]} 30.
Re1 {[%clk 01:20:02]} {[%emt 00:01:11]} Rh4 {[%clk 01:13:09]} {[%emt 00:02:53]}
31. Kb3 {[%clk 01:19:35]} {[%emt 00:00:57]} Nf6 {[%clk 01:12:41]} {[%emt
00:00:58]} 32. Kc4 {[%clk 01:16:33]} {[%emt 00:03:33]} Nd7 {[%clk 01:11:24]}
{[%emt 00:01:46]} 33. Re4 {[%clk 01:14:42]} {[%emt 00:02:22]} Kf8 {[%clk
01:10:59]} {[%emt 00:00:55]} 34. Kb3 {[%clk 01:13:37]} {[%emt 00:01:34]} Ke7
{[%clk 01:10:59]} {[%emt 00:00:30]} 35. c4 {[%clk 01:13:51]} {[%emt 00:00:17]}
f5 {[%clk 01:09:39]} {[%emt 00:01:50]} 36. gxf5 {[%clk 01:13:53]} {[%emt
00:00:28]} Rxe4 {[%clk 01:09:53]} {[%emt 00:00:16]} 37. Bxe4 {[%clk 01:13:49]}
{[%emt 00:00:34]} gxf5 {[%clk 01:10:14]} {[%emt 00:00:09]} 38. Bd3 {[%clk
01:13:58]} {[%emt 00:00:20]} Nb8 {[%clk 01:06:08]} {[%emt 00:04:36]} 39. b5
{[%clk 01:13:44]} {[%emt 00:00:45]} cxb5 {[%clk 01:05:31]} {[%emt 00:01:07]}
40. cxb5 {[%clk 01:14:03]} {[%emt 00:00:11]} axb5 {[%clk 01:05:15]} {[%emt
00:00:45]} 41. Bxb5 {[%clk 01:14:22]} {[%emt 00:00:11]} Kd6 {[%clk 01:05:01]}
{[%emt 00:00:45]} 42. Kc4 {[%clk 01:14:39]} {[%emt 00:00:12]} Nc6 {[%clk
00:56:02]} {[%emt 00:09:29]} 43. a6 {[%clk 01:09:42]} {[%emt 00:05:28]} bxa6
{[%clk 00:56:16]} {[%emt 00:00:16]} 44. Bxa6 {[%clk 01:09:57]} {[%emt
00:00:15]} Ne7 {[%clk 00:55:50]} {[%emt 00:00:56]} 45. Bb7 {[%clk 01:09:17]}
{[%emt 00:01:11]} Nd5 {[%clk 00:55:18]} {[%emt 00:01:01]} 46. Bxd5 {[%clk
01:05:28]} {[%emt 00:04:20]} exd5+ {[%clk 00:55:17]} {[%emt 00:00:30]} 47. Kc3
{[%clk 01:01:59]} {[%emt 00:03:59]} Kc6 {[%clk 00:54:29]} {[%emt 00:01:18]} 48.
Kd3 {[%clk 01:02:06]} {[%emt 00:00:23]} Kb5 {[%clk 00:54:18]} {[%emt 00:00:41]}
49. g3 {[%clk 01:00:37]} {[%emt 00:01:59]} Kb4 {[%clk 00:54:15]} {[%emt
00:00:32]} 50. Ke3 {[%clk 00:59:51]} {[%emt 00:01:16]} Kc3 {[%clk 00:54:13]}
{[%emt 00:00:32]} 51. Ke2 {[%clk 00:59:23]} {[%emt 00:00:58]} Kxd4 {[%clk
00:54:37]} {[%emt 00:00:07]} 52. Kd2 {[%clk 00:59:47]} {[%emt 00:00:05]} Ke4
{[%clk 00:54:54]} {[%emt 00:00:15]} 53. Ke2 {[%clk 01:00:14]} {[%emt 00:00:02]}
d4 {[%clk 00:55:14]} {[%emt 00:00:10]} 54. Kd2 {[%clk 01:00:35]} {[%emt
00:00:08]} d3 {[%clk 00:55:35]} {[%emt 00:00:09]} 55. Ke1 {[%clk 01:00:48]}
{[%emt 00:00:17]} Ke3 {[%clk 00:55:57]} {[%emt 00:00:09]} 56. Kf1 {[%clk
01:00:56]} {[%emt 00:00:22]} d2 {[%clk 00:56:15]} {[%emt 00:00:12]} 57. Kg2
{[%clk 01:01:19]} {[%emt 00:00:05]} d1=Q {[%clk 00:56:23]} {[%emt 00:00:24]}
58. Kh2 {[%clk 01:01:39]} {[%emt 00:00:10]} g4 {[%clk 00:56:25]} {[%emt
00:00:28]} 59. Kg2 {[%clk 01:02:04]} {[%emt 00:00:05]} Qe2+ {[%clk 00:56:46]}
{[%emt 00:00:09]} 60. Kh1 {[%clk 01:02:17]} {[%emt 00:00:16]} Kf3 {[%clk
00:57:06]} {[%emt 00:00:11]} 0-1

[Event "DEM U12 2025"]
[Site "Willingen GER"]
[Date "2025.06.08"]
[Round "2"]
[White "Nain, Medhansh"]
[Black "Döscher, Rasmus"]
[Result "0-1"]
[Termination "normal"]
[Board "28"]
[WhiteElo "1732"]
[BlackElo "1569"]
[WhiteClock "01:18:00"]
[BlackClock "00:24:19"]
[PlyCount "120"]
[WhiteFideId "34684875"]
[BlackFideId "34625038"]
[EventCountry "GER"]
[EventRounds "9"]
[EventType "swiss"]
[EventDate "2025.06.07"]

1. e4 {[%clk 01:30:59]} c6 {[%clk 01:30:55]} {[%emt 00:00:06]} 2. d4 {[%clk
01:31:16]} {[%emt 00:00:13]} d5 {[%clk 01:31:18]} {[%emt 00:00:07]} 3. Nc3
{[%clk 01:31:39]} {[%emt 00:00:06]} dxe4 {[%clk 01:31:37]} {[%emt 00:00:11]} 4.
Nxe4 {[%clk 01:32:03]} {[%emt 00:00:06]} Nf6 {[%clk 01:32:02]} {[%emt
00:00:05]} 5. Nxf6+ {[%clk 01:32:22]} {[%emt 00:00:12]} exf6 {[%clk 01:32:09]}
{[%emt 00:00:23]} 6. c3 {[%clk 01:32:41]} {[%emt 00:00:11]} Bd6 {[%clk
01:32:03]} {[%emt 00:00:34]} 7. Bd3 {[%clk 01:33:02]} {[%emt 00:00:08]} O-O
{[%clk 01:31:42]} {[%emt 00:00:52]} 8. Ne2 {[%clk 01:33:27]} {[%emt 00:00:05]}
Re8 {[%clk 01:25:09]} {[%emt 00:07:04]} 9. O-O {[%clk 01:33:47]} {[%emt
00:00:09]} Qc7 {[%clk 01:21:39]} {[%emt 00:04:00]} 10. Ng3 {[%clk 01:34:10]}
{[%emt 00:00:07]} Be6 {[%clk 01:11:59]} {[%emt 00:10:09]} 11. Qc2 {[%clk
01:32:15]} {[%emt 00:02:26]} g6 {[%clk 01:01:23]} {[%emt 00:11:06]} 12. Bh6
{[%clk 01:32:22]} {[%emt 00:00:24]} Nd7 {[%clk 01:00:55]} {[%emt 00:00:57]} 13.
f4 {[%clk 01:31:10]} {[%emt 00:01:42]} f5 {[%clk 00:59:32]} {[%emt 00:01:53]}
14. Rae1 {[%clk 01:30:49]} {[%emt 00:00:51]} c5 {[%clk 00:55:58]} {[%emt
00:04:04]} 15. d5 {[%clk 01:24:56]} {[%emt 00:06:23]} Bxd5 {[%clk 00:53:12]}
{[%emt 00:03:16]} 16. Bxf5 {[%clk 01:25:10]} {[%emt 00:00:16]} Bf8 {[%clk
00:46:40]} {[%emt 00:07:02]} 17. Bxf8 {[%clk 01:24:12]} {[%emt 00:01:27]} Nxf8
{[%clk 00:45:23]} {[%emt 00:01:47]} 18. Rxe8 {[%clk 01:23:38]} {[%emt
00:01:04]} Rxe8 {[%clk 00:45:47]} {[%emt 00:00:06]} 19. Be4 {[%clk 01:23:42]}
{[%emt 00:00:27]} Qc6 {[%clk 00:43:17]} {[%emt 00:03:01]} 20. Re1 {[%clk
01:23:26]} {[%emt 00:00:45]} Bxe4 {[%clk 00:40:34]} {[%emt 00:03:13]} 21. Nxe4
{[%clk 01:21:29]} {[%emt 00:02:27]} Nd7 {[%clk 00:40:11]} {[%emt 00:00:53]} 22.
Re2 {[%clk 01:17:58]} {[%emt 00:04:01]} Re6 {[%clk 00:33:47]} {[%emt 00:06:54]}
23. Ng5 {[%clk 01:14:17]} {[%emt 00:04:10]} Rxe2 {[%clk 00:32:15]} {[%emt
00:02:02]} 24. Qxe2 {[%clk 01:14:02]} {[%emt 00:00:45]} Nf6 {[%clk 00:30:40]}
{[%emt 00:02:04]} 25. Qe7 {[%clk 01:08:06]} {[%emt 00:06:26]} Qe8 {[%clk
00:30:52]} {[%emt 00:00:18]} 26. Qxe8+ {[%clk 01:08:08]} {[%emt 00:00:28]} Nxe8
{[%clk 00:31:16]} {[%emt 00:00:06]} 27. Kf2 {[%clk 01:08:33]} {[%emt 00:00:06]}
Nf6 {[%clk 00:30:41]} {[%emt 00:01:05]} 28. Ke3 {[%clk 01:08:47]} {[%emt
00:00:16]} Ng4+ {[%clk 00:30:25]} {[%emt 00:00:45]} 29. Ke4 {[%clk 01:08:53]}
{[%emt 00:00:24]} Nxh2 {[%clk 00:30:05]} {[%emt 00:00:50]} 30. Kd5 {[%clk
01:09:19]} {[%emt 00:00:04]} Ng4 {[%clk 00:26:12]} {[%emt 00:04:23]} 31. Kxc5
{[%clk 01:02:25]} {[%emt 00:07:25]} Ne3 {[%clk 00:26:22]} {[%emt 00:00:20]} 32.
g3 {[%clk 01:01:27]} {[%emt 00:01:28]} Nd1 {[%clk 00:25:28]} {[%emt 00:01:23]}
33. Ne4 {[%clk 00:58:35]} {[%emt 00:03:23]} Nxb2 {[%clk 00:25:37]} {[%emt
00:00:21]} 34. Nd6 {[%clk 00:58:40]} {[%emt 00:00:25]} b6+ {[%clk 00:23:37]}
{[%emt 00:02:30]} 35. Kd4 {[%clk 00:58:52]} {[%emt 00:00:18]} a6 {[%clk
00:22:37]} {[%emt 00:01:30]} 36. c4 {[%clk 00:57:25]} {[%emt 00:01:57]} Kf8
{[%clk 00:21:50]} {[%emt 00:01:16]} 37. Nc8 {[%clk 00:57:38]} {[%emt 00:00:18]}
Na4 {[%clk 00:21:56]} {[%emt 00:00:24]} 38. a3 {[%clk 00:56:32]} {[%emt
00:01:36]} Ke8 {[%clk 00:22:07]} {[%emt 00:00:19]} 39. Nd6+ {[%clk 00:56:49]}
{[%emt 00:00:12]} Ke7 {[%clk 00:22:18]} {[%emt 00:00:18]} 40. Ne4 {[%clk
00:57:02]} {[%emt 00:00:19]} f5 {[%clk 00:21:34]} {[%emt 00:01:13]} 41. Ng5
{[%clk 00:57:25]} {[%emt 00:00:08]} h6 {[%clk 00:21:49]} {[%emt 00:00:14]} 42.
Nf3 {[%clk 00:57:47]} {[%emt 00:00:08]} Ke6 {[%clk 00:21:29]} {[%emt 00:00:51]}
43. Ne5 {[%clk 00:57:52]} {[%emt 00:00:25]} g5 {[%clk 00:21:19]} {[%emt
00:00:41]} 44. Nf3 {[%clk 00:57:19]} {[%emt 00:01:02]} g4 {[%clk 00:20:56]}
{[%emt 00:00:54]} 45. Nh4 {[%clk 00:57:35]} {[%emt 00:00:13]} Nc5 {[%clk
00:20:42]} {[%emt 00:00:44]} 46. Ng6 {[%clk 00:50:08]} {[%emt 00:07:58]} Ne4
{[%clk 00:16:37]} {[%emt 00:04:34]} 47. Nf8+ {[%emt 00:00:32]} Kd6 {[%clk
00:16:45]} 48. Ng6 {[%clk 00:50:11]} {[%emt 00:00:47]} Nxg3 {[%clk 00:16:30]}
{[%emt 00:00:46]} 49. Nh4 {[%clk 00:50:36]} {[%emt 00:00:04]} Ke6 {[%clk
00:30:12]} {[%emt 00:16:48]} 50. c5 {[%clk 01:20:35]} {[%emt 00:00:32]} bxc5+
{[%clk 00:29:48]} {[%emt 00:00:54]} 51. Kxc5 {[%clk 01:21:00]} {[%emt
00:00:05]} Ne2 {[%clk 00:29:43]} {[%emt 00:00:35]} 52. Ng2 {[%clk 01:21:23]}
{[%emt 00:00:07]} h5 {[%clk 00:27:11]} {[%emt 00:02:32]} 53. Kb6 {[%clk
01:21:26]} {[%emt 00:00:28]} Kd5 {[%clk 00:27:57]} {[%emt 00:00:12]} 54. Kxa6
{[%clk 01:21:51]} {[%emt 00:00:07]} Ke4 {[%clk 00:27:57]} {[%emt 00:00:29]} 55.
Kb6 {[%clk 01:21:54]} {[%emt 00:00:27]} Nxf4 {[%clk 00:28:13]} {[%emt
00:00:14]} 56. a4 {[%clk 01:22:19]} {[%emt 00:00:06]} Nd5+ {[%clk 00:25:03]}
{[%emt 00:03:38]} 57. Kc5 {[%clk 01:22:33]} {[%emt 00:00:16]} f4 {[%clk
00:25:09]} {[%emt 00:00:24]} 58. a5 {[%clk 01:17:22]} {[%emt 00:05:43]} f3
{[%clk 00:25:16]} {[%emt 00:00:22]} 59. Ne3 {[%clk 01:17:45]} {[%emt 00:00:07]}
Kxe3 {[%clk 00:24:01]} {[%emt 00:01:44]} 60. a6 {[%clk 01:18:00]} {[%emt
00:00:16]} Nc7 {[%clk 00:24:19]} {[%emt 00:00:11]} 0-1

[Event "DEM U12 2025"]
[Site "Willingen GER"]
[Date "2025.06.08"]
[Round "2"]
[White "König, Lian"]
[Black "Brückner, Julian"]
[Result "0-1"]
[Termination "normal"]
[Board "29"]
[WhiteElo "1450"]
[BlackElo "1802"]
[WhiteClock "00:07:59"]
[BlackClock "00:39:40"]
[PlyCount "58"]
[WhiteFideId "34660216"]
[BlackFideId "34630031"]
[EventCountry "GER"]
[EventRounds "9"]
[EventType "swiss"]
[EventDate "2025.06.07"]

1. Nf3 {[%clk 01:30:58]} {[%emt 00:00:02]} Nf6 {[%clk 01:30:46]} {[%emt
00:00:15]} 2. g3 {[%clk 01:31:22]} {[%emt 00:00:06]} g6 {[%clk 01:31:05]}
{[%emt 00:00:11]} 3. Bg2 {[%clk 01:31:44]} {[%emt 00:00:07]} Bg7 {[%clk
01:31:13]} {[%emt 00:00:22]} 4. O-O {[%clk 01:31:47]} {[%emt 00:00:28]} O-O
{[%clk 01:31:24]} {[%emt 00:00:19]} 5. d4 {[%clk 01:30:33]} {[%emt 00:01:43]}
d6 {[%clk 01:31:39]} {[%emt 00:00:15]} 6. c4 {[%clk 01:29:16]} {[%emt
00:01:47]} Nbd7 {[%clk 01:31:04]} {[%emt 00:01:05]} 7. Nc3 {[%clk 01:28:49]}
{[%emt 00:00:57]} c5 {[%clk 01:29:17]} {[%emt 00:02:18]} 8. e4 {[%clk
01:27:32]} {[%emt 00:01:46]} cxd4 {[%clk 01:28:01]} {[%emt 00:01:45]} 9. Nxd4
{[%clk 01:27:51]} {[%emt 00:00:11]} Ne5 {[%clk 01:25:10]} {[%emt 00:03:22]} 10.
b3 {[%clk 01:22:58]} {[%emt 00:05:24]} Bd7 {[%clk 01:19:00]} {[%emt 00:06:40]}
11. Bb2 {[%clk 01:21:35]} {[%emt 00:01:52]} Qc8 {[%clk 01:17:33]} {[%emt
00:01:57]} 12. Re1 {[%clk 01:08:53]} {[%emt 00:13:13]} Bh3 {[%clk 01:15:02]}
{[%emt 00:02:59]} 13. Bh1 {[%clk 01:06:30]} {[%emt 00:02:54]} Nfd7 {[%clk
01:13:00]} {[%emt 00:02:32]} 14. Nd5 {[%clk 01:01:12]} {[%emt 00:05:48]} Re8
{[%clk 01:00:30]} {[%emt 00:13:01]} 15. Nf4 {[%clk 00:59:47]} {[%emt 00:01:55]}
Nc5 {[%clk 01:00:16]} {[%emt 00:00:42]} 16. Nxh3 {[%clk 00:57:53]} {[%emt
00:02:25]} Ned3 {[%clk 00:55:21]} {[%emt 00:05:25]} 17. Nf4 {[%clk 00:50:08]}
{[%emt 00:08:15]} Nxe1 {[%clk 00:53:16]} {[%emt 00:02:36]} 18. Qxe1 {[%clk
00:38:48]} {[%emt 00:11:49]} e5 {[%clk 00:52:43]} {[%emt 00:01:04]} 19. Nfe2
{[%clk 00:25:30]} {[%emt 00:13:48]} exd4 {[%clk 00:51:53]} {[%emt 00:01:20]}
20. Nxd4 {[%clk 00:25:46]} {[%emt 00:00:13]} Nd3 {[%clk 00:52:05]} {[%emt
00:00:19]} 21. Qd2 {[%clk 00:26:04]} {[%emt 00:00:11]} Nxb2 {[%clk 00:52:15]}
{[%emt 00:00:21]} 22. Qxb2 {[%clk 00:26:25]} {[%emt 00:00:08]} Qc5 {[%clk
00:50:18]} {[%emt 00:02:24]} 23. Rd1 {[%clk 00:25:44]} {[%emt 00:01:14]} Rac8
{[%clk 00:45:33]} {[%emt 00:05:15]} 24. Qd2 {[%clk 00:21:58]} {[%emt 00:04:17]}
a6 {[%clk 00:43:31]} {[%emt 00:02:31]} 25. Ne2 {[%clk 00:19:50]} {[%emt
00:02:36]} b5 {[%clk 00:41:04]} {[%emt 00:02:59]} 26. Qd5 {[%clk 00:09:04]}
{[%emt 00:11:16]} bxc4 {[%clk 00:39:39]} {[%emt 00:01:56]} 27. Qxc4 {[%clk
00:07:21]} {[%emt 00:02:11]} Qxc4 {[%clk 00:39:07]} {[%emt 00:01:04]} 28. bxc4
{[%clk 00:07:43]} {[%emt 00:00:08]} Rxc4 {[%clk 00:39:24]} {[%emt 00:00:12]}
29. Rxd6 {[%clk 00:07:59]} {[%emt 00:00:14]} Rc2 {[%clk 00:39:40]} {[%emt
00:01:49]} 0-1

[Event "DEM U12 2025"]
[Site "Willingen GER"]
[Date "2025.06.08"]
[Round "2"]
[White "Menke, Raphael Wilhelm"]
[Black "Nikonenko, Tymofii"]
[Result "1-0"]
[Termination "normal"]
[Board "30"]
[WhiteElo "1803"]
[BlackElo "1495"]
[WhiteClock "01:09:48"]
[BlackClock "00:57:15"]
[PlyCount "79"]
[WhiteFideId "34621008"]
[BlackFideId "34166246"]
[EventCountry "GER"]
[EventRounds "9"]
[EventType "swiss"]
[EventDate "2025.06.07"]

1. e4 {[%clk 01:30:58]} {[%emt 00:00:02]} e5 {[%clk 01:30:56]} {[%emt
00:00:05]} 2. Nf3 {[%clk 01:31:23]} {[%emt 00:00:03]} Nc6 {[%clk 01:31:22]}
{[%emt 00:00:05]} 3. d4 {[%clk 01:31:48]} {[%emt 00:00:05]} exd4 {[%clk
01:31:44]} {[%emt 00:00:09]} 4. Nxd4 {[%clk 01:32:14]} {[%emt 00:00:04]} Bc5
{[%clk 01:32:10]} {[%emt 00:00:04]} 5. Be3 {[%clk 01:32:39]} {[%emt 00:00:05]}
Qf6 {[%clk 01:32:35]} {[%emt 00:00:04]} 6. c3 {[%clk 01:33:05]} {[%emt
00:00:04]} Nge7 {[%clk 01:32:44]} {[%emt 00:00:20]} 7. Bc4 {[%clk 01:33:13]}
{[%emt 00:00:21]} O-O {[%clk 01:32:49]} {[%emt 00:00:26]} 8. O-O {[%clk
01:33:34]} {[%emt 00:00:10]} Bb6 {[%clk 01:33:06]} {[%emt 00:00:14]} 9. a4
{[%clk 01:29:58]} {[%emt 00:04:05]} a6 {[%clk 01:32:02]} {[%emt 00:01:33]} 10.
Nxc6 {[%clk 01:27:39]} {[%emt 00:02:49]} bxc6 {[%clk 01:32:22]} {[%emt
00:00:10]} 11. Bxb6 {[%clk 01:27:57]} {[%emt 00:00:12]} cxb6 {[%clk 01:32:48]}
{[%emt 00:00:05]} 12. Nd2 {[%clk 01:28:15]} {[%emt 00:00:11]} Re8 {[%clk
01:32:16]} {[%emt 00:01:02]} 13. f4 {[%clk 01:26:43]} {[%emt 00:02:02]} Ng6
{[%clk 01:32:31]} {[%emt 00:00:15]} 14. Qf3 {[%clk 01:24:24]} {[%emt 00:02:49]}
Qd6 {[%clk 01:30:48]} {[%emt 00:02:12]} 15. Rad1 {[%clk 01:23:08]} {[%emt
00:01:47]} b5 {[%clk 01:29:21]} {[%emt 00:01:58]} 16. axb5 {[%clk 01:23:16]}
{[%emt 00:00:22]} axb5 {[%clk 01:29:47]} {[%emt 00:00:03]} 17. Bb3 {[%clk
01:23:36]} {[%emt 00:00:11]} b4 {[%clk 01:29:43]} {[%emt 00:00:34]} 18. Kh1
{[%clk 01:22:04]} {[%emt 00:02:01]} Ba6 {[%clk 01:29:47]} {[%emt 00:00:27]} 19.
c4 {[%clk 01:20:07]} {[%emt 00:02:27]} c5 {[%clk 01:29:41]} {[%emt 00:00:36]}
20. e5 {[%clk 01:19:17]} {[%emt 00:01:19]} Qb6 {[%clk 01:28:59]} {[%emt
00:01:12]} 21. Bc2 {[%clk 01:16:39]} {[%emt 00:03:09]} Nf8 {[%clk 01:25:17]}
{[%emt 00:04:12]} 22. Be4 {[%clk 01:15:56]} {[%emt 00:01:13]} Ra7 {[%clk
01:24:07]} {[%emt 00:01:40]} 23. Qg3 {[%clk 01:15:20]} {[%emt 00:01:05]} d6
{[%clk 01:23:06]} {[%emt 00:01:32]} 24. Bd5 {[%clk 01:12:36]} {[%emt 00:03:13]}
dxe5 {[%clk 01:22:54]} {[%emt 00:00:44]} 25. f5 {[%clk 01:12:41]} {[%emt
00:00:24]} Qf6 {[%clk 01:23:01]} {[%emt 00:00:23]} 26. Ne4 {[%clk 01:12:57]}
{[%emt 00:00:14]} Qb6 {[%clk 01:22:03]} {[%emt 00:01:28]} 27. f6 {[%clk
01:09:33]} {[%emt 00:03:53]} Ng6 {[%clk 01:19:57]} {[%emt 00:02:36]} 28. h4
{[%clk 01:08:25]} {[%emt 00:01:37]} Bb7 {[%clk 01:05:14]} {[%emt 00:15:14]} 29.
h5 {[%clk 01:08:41]} {[%emt 00:00:14]} Bxd5 {[%clk 01:05:18]} {[%emt 00:00:25]}
30. cxd5 {[%clk 01:08:50]} {[%emt 00:00:21]} Ra2 {[%clk 01:04:07]} {[%emt
00:01:42]} 31. hxg6 {[%clk 01:09:09]} {[%emt 00:00:11]} hxg6 {[%clk 01:04:08]}
{[%emt 00:00:28]} 32. Qb3 {[%clk 01:08:36]} {[%emt 00:01:03]} Raa8 {[%clk
01:04:10]} {[%emt 00:00:29]} 33. d6 {[%clk 01:08:55]} {[%emt 00:00:10]} Red8
{[%clk 01:02:46]} {[%emt 00:01:54]} 34. Qc4 {[%clk 01:08:42]} {[%emt 00:00:42]}
Rac8 {[%clk 00:57:17]} {[%emt 00:06:00]} 35. d7 {[%clk 01:08:27]} {[%emt
00:00:45]} Rc6 {[%clk 00:57:25]} {[%emt 00:00:23]} 36. fxg7 {[%clk 01:08:37]}
{[%emt 00:00:20]} Kxg7 {[%clk 00:57:42]} {[%emt 00:00:13]} 37. Qxf7+ {[%clk
01:08:45]} {[%emt 00:00:22]} Kh6 {[%clk 00:58:01]} {[%emt 00:00:11]} 38. Rf3
{[%clk 01:09:06]} {[%emt 00:00:09]} Kh5 {[%clk 00:57:01]} {[%emt 00:01:30]} 39.
Qh7+ {[%clk 01:09:24]} {[%emt 00:00:12]} Kg4 {[%clk 00:57:15]} {[%emt
00:00:15]} 40. Qh3# {[%clk 01:09:48]} {[%emt 00:00:06]} 1-0

[Event "DEM U12 2025"]
[Site "Willingen GER"]
[Date "2025.06.08"]
[Round "2"]
[White "Hübner, Paul"]
[Black "Fels, Mattis"]
[Result "0-1"]
[Termination "normal"]
[Board "31"]
[WhiteElo "1849"]
[BlackElo "1758"]
[WhiteClock "00:24:27"]
[BlackClock "01:00:17"]
[PlyCount "47"]
[WhiteFideId "34684115"]
[BlackFideId "34623795"]
[EventCountry "GER"]
[EventRounds "9"]
[EventType "swiss"]
[EventDate "2025.06.07"]

1. d4 {[%clk 01:30:56]} {[%emt 00:00:03]} d5 {[%clk 01:31:00]} {[%emt
00:00:02]} 2. Nf3 {[%clk 01:31:14]} {[%emt 00:00:11]} e6 {[%clk 01:31:22]}
{[%emt 00:00:08]} 3. c3 {[%clk 01:31:29]} {[%emt 00:00:14]} f5 {[%clk
01:31:14]} {[%emt 00:00:39]} 4. Bf4 {[%clk 01:31:37]} {[%emt 00:00:22]} Nf6
{[%clk 01:31:34]} {[%emt 00:00:09]} 5. e3 {[%clk 01:31:56]} {[%emt 00:00:12]}
Be7 {[%clk 01:31:49]} {[%emt 00:00:15]} 6. Nbd2 {[%clk 01:31:55]} {[%emt
00:00:30]} O-O {[%clk 01:32:05]} {[%emt 00:00:14]} 7. Be2 {[%clk 01:32:13]}
{[%emt 00:00:12]} Ne4 {[%clk 01:32:13]} {[%emt 00:00:24]} 8. Ne5 {[%clk
01:32:26]} {[%emt 00:00:16]} Nd7 {[%clk 01:32:12]} {[%emt 00:00:31]} 9. Ndf3
{[%clk 01:32:29]} {[%emt 00:00:27]} g5 {[%clk 01:31:41]} {[%emt 00:01:01]} 10.
Nxd7 {[%clk 01:30:21]} {[%emt 00:02:36]} Bxd7 {[%clk 01:32:00]} {[%emt
00:00:13]} 11. Be5 {[%clk 01:30:40]} {[%emt 00:00:10]} Be8 {[%clk 01:26:07]}
{[%emt 00:06:24]} 12. Qc2 {[%clk 01:27:27]} {[%emt 00:03:43]} Bg6 {[%clk
01:25:41]} {[%emt 00:00:56]} 13. c4 {[%clk 01:24:57]} {[%emt 00:02:59]} f4
{[%clk 01:22:46]} {[%emt 00:03:25]} 14. Bd3 {[%clk 01:22:31]} {[%emt 00:02:55]}
Bb4+ {[%clk 01:20:56]} {[%emt 00:02:22]} 15. Kf1 {[%clk 01:19:37]} {[%emt
00:03:23]} fxe3 {[%clk 01:19:46]} {[%emt 00:01:41]} 16. a3 {[%clk 01:01:58]}
{[%emt 00:18:09]} g4 {[%clk 01:18:30]} {[%emt 00:01:46]} 17. Ke2 {[%clk
00:53:51]} {[%emt 00:08:36]} gxf3+ {[%clk 01:16:49]} {[%emt 00:02:12]} 18. gxf3
{[%clk 00:54:07]} {[%emt 00:00:13]} Qh4 {[%clk 01:16:20]} {[%emt 00:00:59]} 19.
Raf1 {[%clk 00:50:13]} {[%emt 00:04:24]} Qh3 {[%clk 01:01:06]} {[%emt
00:15:44]} 20. fxe3 {[%clk 00:31:59]} {[%emt 00:18:43]} Rxf3 {[%clk 00:59:50]}
{[%emt 00:01:47]} 21. axb4 {[%clk 00:24:52]} {[%emt 00:07:37]} Rxe3+ {[%clk
00:59:48]} {[%emt 00:00:32]} 22. Kd1 {[%clk 00:24:19]} {[%emt 00:01:02]} Rxd3+
{[%clk 01:00:15]} {[%emt 00:00:05]} 23. Kc1 {[%clk 00:24:27]} {[%emt 00:00:20]}
Qe3+ {[%clk 01:00:17]} {[%emt 00:00:29]} 24. Kb1 {[%emt 00:02:52]} 0-1